| 000 | 00540pam a2200181 a 4500 | ||
|---|---|---|---|
| 020 | _a0412231700 (pbk.) | ||
| 020 | _a0412231603 (hard) | ||
| 040 | _cDLC | ||
| 082 | 0 | 0 | _a636 CHA 1983 A056 Or. |
| 100 | 2 | _aWood-Gush, D. G. M. | |
| 245 | 1 | 0 |
_aElements of ethology : _ba textbook for agricultural and veterinary students / |
| 260 |
_aLondon ; _aNew York : _bChapman and Hall, _c1983. |
||
| 300 |
_aviii, 240 p. : _bill. ; _c22 cm. |
||
| 500 | _aIncludes indexes. | ||
| 650 | 0 | _aDomestic animals | |
| 650 | 0 | _aAnimal behavior. | |
| 942 | _cEK | ||
| 999 |
_c15594 _d15594 |
||